[Event "BL 2016-17"]
[Site "Jenbach"]
[Date "2017.04.22"]
[Round "11"]
[White "Casagrande, Harald"]
[Black "Fedorovsky, Michael"]
[Result "0-1"]
[WhiteElo "2318"]
[BlackElo "2490"]
[Annotator "TA"]
[PlyCount "122"]
[EventDate "2017.??.??"]
[EventCountry "AUT"]
[SourceTitle "playchess.com"]
[Source "ChessBase"]
[SourceQuality "1"]
[WhiteTeam "St. Valentin"]
[BlackTeam "Jenbach"]

{[%evp 24,122,0,-18,-11,-9,-8,-26,-10,-22,-16,-24,8,8,12,16,10,12,18,12,12,10,21,0,0,0,0,0,0,-5,0,0,0,0,0,0,0,0,0,0,0,0,0,0,0,0,0,0,77,80,195,183,173,158,178,187,191,180,183,179,165,20,21,28,31,20,75,0,0,0,0,0,0,0,0,8,8,0,0,-116,-118,-1066,-1063,-992,-946,-868,-792,-1008,-980,-840,-840,-833,-818,-2553,-2374,-29974,-29975,-29975,-29977,-29976,-29977]} 1. d4 d5 2. Nf3 Nf6 3. Bf4 c5 4. c3 e6 5. e3 Nc6 6. Nbd2 Bd6 7. Bxd6 Qxd6 8. Bd3 O-O 9. O-O e5 10. dxe5 Nxe5 11. Nxe5 Qxe5 12. Qf3 {D02: 1 d4 d5 2 Nf3 sidelines, including 2...Nf6 3 g3 and 2...Nf6 3 Bf4} Re8 13. Qg3 {LiveBook: 3 Games} Qxg3 14. hxg3 {The position is equal.} Be6 $146 (14... Bd7 15. Rfe1 Rad8 {1-0 (52) Pezerovic,E (2455)-Ovsejevitsch,S (2597) Bad Wiessee 2010}) 15. Rfe1 Rad8 16. Rad1 a6 17. a4 d4 18. exd4 cxd4 19. c4 Nd7 20. Nb3 Nb6 21. Nc5 Bxc4 {White should prevent ...Rxe1+.} 22. Rxe8+ Rxe8 23. Bxc4 (23. b4 $5 {looks sharper.} Bd5 24. a5 Na8 25. Bc2 Nc7 26. Rxd4 h5 27. f3) 23... Nxc4 $11 {[%mdl 4096] Endgame KRN-KRN} 24. b3 Na5 $1 25. Rxd4 h5 26. Kf1 Re5 27. Rd8+ Kh7 28. Nd3 Re7 29. b4 Nc4 30. f3 g6 31. Kf2 Kg7 32. Rd4 Rc7 33. Nc5 Ne5 34. Ke3 a5 35. Rd5 Nc4+ (35... Nc6 $11 {remains equal.}) 36. Kd4 $16 Nb6 (36... Na3 $16 {is a better defense.} 37. bxa5 Nc2+ 38. Kc3 Ne3) 37. Rd6 $18 Nc8 38. Rd7 Rxd7+ 39. Nxd7 axb4 $16 {KN-KN} 40. Kc4 f6 41. Kxb4 Kf7 42. Kc5 ({Better is} 42. Nc5 $18) 42... Ke6 $11 43. Nb6 Ne7 $1 44. a5 Nf5 {[#]} (44... g5 $11 {keeps the balance.}) 45. Nd5 ({Don't play} 45. g4 hxg4 46. fxg4 Nd6 $11) ({White should try} 45. Nc4 $1 $16) 45... Nxg3 46. Nf4+ Kd7 $1 47. Kb6 Kc8 48. Nxg6 {With the idea Ne7+.} Nf5 ({Reject} 48... Ne2 $6 49. Ne7+ Kb8 50. Ng6 $14) 49. Nf4 h4 {next ...Ne3 is good for Black.} 50. Ng6 Kb8 51. Nf4 (51. Kc5 $11) 51... Ne3 $17 52. Kc5 $2 {[%mdl 8192] [#]} (52. Nh5 $17) 52... Nxg2 $1 $19 {[%mdl 512]} 53. Nh3 (53. Nxg2 h3) 53... Ka7 54. Kb5 Ne1 55. f4 Ng2 56. Kc5 Ka6 57. Kb4 Ne3 58. Kc5 Kxa5 59. Kd4 Ng4 {Black mates.} 60. Ke4 b5 {[%cal Bb7b5,Bb5b4][%mdl 32]} 61. Kf5 b4 0-1

[Event "BL 2016-17"]
[Site "Jenbach"]
[Date "2017.04.22"]
[Round "11"]
[White "Ceschia, Ivano"]
[Black "Repkova, Eva"]
[Result "1-0"]
[WhiteElo "2301"]
[BlackElo "2328"]
[Annotator "NA"]
[PlyCount "59"]
[EventDate "2017.??.??"]
[EventCountry "AUT"]
[SourceTitle "playchess.com"]
[Source "ChessBase"]
[SourceQuality "1"]
[WhiteTeam "St. Veit"]
[BlackTeam "Bregenz"]
[TimeControl "40/5400+30:1800+30"]

{[%evp 9,58,54,41,48,70,27,46,41,24,37,33,19,44,37,67,32,32,37,44,44,60,32767,32767,51,54,32767,32767,32767,71,46,60,32767,45,51,105,32767,32767,85,83,32767,32767,1,32767,0,370,32767,32767,32767,32767,32767,1005]} 1. e4 {[%emt 0:00:00]} d5 {[%emt 0:00:02]} 2. exd5 {[%emt 0:00:00]} Qxd5 {[%emt 0:00:04]} 3. Nc3 {[%emt 0:00:00]} Qd6 {[%emt 0:00:03]} 4. d4 {[%emt 0:00:12]} Nf6 {[%emt 0:00:09]} 5. Nf3 {[%emt 0:00:34]} Bg4 {[%emt 0:00:53]} 6. h3 {[%emt 0:00:22]} Bh5 {[%emt 0:00:01] B01: Scandinavian Defence} 7. Be2 {[%emt 0:14:05]} (7. g4 Bg6 8. Ne5 Nbd7 9. Nxg6 hxg6 10. Bg2 c6 11. Qd3 e6 12. Bd2 Nb6 13. O-O-O Nbd5 14. Ne2 {1-0 (39) Bologan,V (2640)-Kovalenko,I (2684) Tallinn 2016}) 7... a6 {[%emt 0:02:45] LiveBook: 7 Games} 8. Bg5 {[%emt 0:12:06]} Nbd7 {[%emt 0:10:14]} 9. Qd2 {[%emt 0:08:15]} e6 {[%emt 0:00:52]} 10. O-O-O {[%emt 0:03:15]} Be7 {[%emt 0:00:37]} 11. Rhe1 $146 {[%emt 0:04:12]} (11. d5 exd5 12. Bf4 Qc5 13. Be3 Qd6 14. Nh4 {½-½ (38) Marez,S (2295)-Mailfert,J (2342) ICCF email 2010}) 11... O-O {[%emt 0:04:10]} 12. Ne5 {[%emt 0:07:47]} Bxe2 {[%emt 0:01:41]} 13. Qxe2 {[%emt 0:01:39]} Rad8 {[%emt 0:03:27]} 14. f4 {[%emt 0:03:22]} h6 {[%emt 0:03:55]} 15. Bh4 {[%emt 0:04:33]} Nd5 {[%emt 0:00:05]} 16. Ne4 {[%emt 0:06:12]} Qb6 {[%emt 0:01:45]} 17. Bxe7 {[%emt 0:01:14]} Nxe7 {[%emt 0:00:06]} 18. c3 {[%emt 0:06:34]} Nd5 {[%emt 0:03:25]} 19. Nxd7 {[%emt 0:00:59]} Rxd7 {[%emt 0:00:06]} 20. Qf3 {[%emt 0:00:28]} Qb5 {[%emt 0:03:18]} 21. g4 {[%emt 0:01:52]} b6 {[%emt 0:00:35]} ({Black should try} 21... f5 $14 22. Nc5 fxg4 23. Qxg4 Rd6) 22. g5 {[%emt 0:01:12]} hxg5 {[%emt 0:00:01]} 23. fxg5 {[%emt 0:00:18]} ({But not} 23. Nxg5 $6 c5 $11) 23... Ne7 {[%emt 0:00:11]} 24. h4 {[%emt 0:02:39]} Qf5 {[%emt 0:02:16]} 25. Qd3 {[%emt 0:08:08]} ({Better is} 25. Qe2 $16) 25... c5 {[%emt 0:01:21]} 26. Rf1 {[%emt 0:01:46]} Qg6 $2 {[%emt 0:00:06]} (26... Qg4 $11 {and Black is okay.}) 27. h5 {[%emt 0:01:29]} Qxh5 {[%emt 0:00:28]} 28. Rh1 {[%emt 0:00:14]} c4 {[%emt 0:01:18]} 29. Qg3 {[%emt 0:03:52]} Nf5 $18 {[%emt 0:00:07]} 30. Rxh5 {[%emt 0:00:11]} 1-0

[Event "BL 2016-17"]
[Site "Jenbach"]
[Date "2017.04.22"]
[Round "11"]
[White "Deglmann, Ludwig"]
[Black "Naumann, Alexander"]
[Result "0-1"]
[WhiteElo "2300"]
[BlackElo "2568"]
[Annotator "TA"]
[PlyCount "68"]
[EventDate "2017.??.??"]
[EventCountry "AUT"]
[SourceTitle "playchess.com"]
[Source "ChessBase"]
[SourceQuality "1"]
[WhiteTeam "Absam"]
[BlackTeam "Maria Saal"]

{[%evp 6,68,16,16,10,0,0,-6,21,15,12,21,22,28,47,47,47,43,47,47,47,50,45,45,48,34,79,77,88,95,95,90,78,-128,-125,-128,-127,-123,-118,-113,-113,-119,-119,-119,-116,-110,-112,-128,-117,-116,-102,-103,-108,-225,-196,-241,-186,-271,-186,-222,-183,-311,-228,-448,-270]} 1. c4 e5 2. g3 c6 3. d4 e4 {A20: English Opening: 1...e5} 4. f3 {LiveBook: 3 Games} (4. Nc3 d5 5. Bg2 Nf6 6. cxd5 cxd5 7. Bg5 Nbd7 8. Qb3 Bd6 9. Nh3 h6 10. Bf4 Nb6 11. Be5 {1-0 (44) Adams,M (2751)-Sethuraman,S (2637) Caleta 2017}) 4... Nf6 5. Nc3 Bb4 $146 {The position is equal.} (5... exf3 6. Nxf3 d5 7. Qb3 dxc4 8. Qxc4 Bf5 9. Bg2 Be7 10. O-O Nbd7 11. e4 Bxe4 12. Nxe4 Nxe4 {0-1 (24) Koshy,V (2270)-Krasenkow,M (2624) Mumbai 2008}) 6. Qb3 c5 7. a3 Bxc3+ 8. Qxc3 d5 9. cxd5 cxd4 10. Qxd4 Nc6 {[%cal Bb8c6,Bc6d4,Bd4c2][%mdl 32]} 11. Qc5 Qxd5 12. Qxd5 Nxd5 13. fxe4 Nf6 {aiming for ...Nd4.} 14. Bg2 Nd4 15. Rb1 Be6 16. Bg5 Nc2+ 17. Kd2 {Hoping for Bxf6.} Rc8 {[#]} 18. Bxf6 $1 gxf6 {[#]} 19. Bh3 $2 (19. Nh3 $1 $16 {and life is bright.}) 19... Ke7 $17 {( -> ...Rhd8+)} 20. Bxe6 fxe6 ({Reject} 20... Kxe6 $6 21. e3 $11) 21. e3 Rhd8+ $40 {[%mdl 128] White is in trouble.} 22. Ke2 Rc4 23. Nf3 Rxe4 24. Rbc1 Rxe3+ 25. Kf2 Rdd3 26. Rxc2 {Strongly threatening Nd2.} Rxf3+ {[%mdl 4096] Endgame KRR-KRR} 27. Kg2 Rfe3 28. Rhc1 Rd7 29. Rc8 (29. Rf2 $17) 29... Re2+ 30. Kh3 f5 31. Rh8 (31. b3 $142) 31... Kf6 ({Inferior is} 31... Rxb2 32. Rxh7+ Kd8 33. Rh8+ Ke7 34. Rh7+ Kd8 35. Rh8+ Ke7 36. Rh7+ $11) 32. Rf8+ Kg7 33. Rfc8 (33. Ra8 $142) 33... Rxb2 34. R1c4 $2 (34. R1c7 {is a better defense.} Rbd2 35. Rc3) 34... h6 0-1

[Event "BL 2016-17"]
[Site "Germany"]
[Date "2017.04.08"]
[Round "11"]
[White "Eichler, Christoph"]
[Black "Grabarczyk, Bogdan"]
[Result "1/2-1/2"]
[WhiteElo "2290"]
[BlackElo "2397"]
[Annotator "ChessBase"]
[PlyCount "128"]
[EventDate "2017.??.??"]
[EventType "team-tourn"]
[EventCountry "GER"]
[SourceTitle "playchess.com"]
[Source "ChessBase"]
[SourceQuality "1"]
[WhiteTeam "Zugzwang München"]
[BlackTeam "Griesheim"]
[TimeControl "40/6000+30:3000+30"]

1. Nf3 {[%emt 0:00:00]} d5 {[%emt 0:00:06]} 2. d4 {[%emt 0:00:00]} Nf6 {[%emt 0:00:09]} 3. c4 {[%emt 0:00:16]} e6 {[%emt 0:00:08]} 4. g3 {[%emt 0:01:39]} Bb4+ {[%emt 0:00:16]} 5. Nbd2 {[%emt 0:00:57]} O-O {[%emt 0:01:16]} 6. Bg2 {[%emt 0:00:42]} dxc4 {[%emt 0:03:17]} 7. O-O {[%emt 0:10:46]} b5 {[%emt 0:07:15]} 8. a4 {[%emt 0:13:35]} c6 {[%emt 0:01:46]} 9. Qc2 {[%emt 0:04:28]} Bb7 {[%emt 0:04:04]} 10. Rd1 {[%emt 0:07:06]} a6 {[%emt 0:03:19]} 11. b3 {[%emt 0:06:36]} cxb3 {[%emt 0:03:45]} 12. Nxb3 {[%emt 0:03:13]} Nbd7 {[%emt 0:00:39]} 13. Bd2 {[%emt 0:06:53]} Qe7 {[%emt 0:05:07]} 14. Bxb4 {[%emt 0:08:26]} Qxb4 {[%emt 0:00:05]} 15. Ne1 {[%emt 0:00:22]} bxa4 {[%emt 0:11:00]} 16. Nc5 {[%emt 0:02:04]} Nxc5 {[%emt 0:00:03]} 17. dxc5 {[%emt 0:00:11]} Qa5 {[%emt 0:00:08]} 18. Rxa4 {[%emt 0:05:07]} Qc7 {[%emt 0:00:03]} 19. Nd3 {[%emt 0:00:31]} Rfd8 {[%emt 0:02:23]} 20. Rb1 {[%emt 0:01:47]} a5 {[%emt 0:03:00]} 21. Qb2 {[%emt 0:04:37]} Ba6 {[%emt 0:00:36]} 22. Qb6 {[%emt 0:14:43]} Qxb6 {[%emt 0:00:45]} 23. Rxb6 {[%emt 0:00:45]} Bb5 {[%emt 0:01:26]} 24. Ra3 {[%emt 0:01:44]} Nd7 {[%emt 0:05:42]} 25. Rb7 {[%emt 0:02:25]} Bxd3 {[%emt 0:00:15]} 26. exd3 {[%emt 0:01:15]} Nxc5 {[%emt 0:00:10]} 27. Rc7 {[%emt 0:00:14]} Rxd3 {[%emt 0:10:14]} 28. Rxa5 {[%emt 0:02:33]} Rd1+ {[%emt 0:02:20]} 29. Bf1 {[%emt 0:00:05]} Rb8 {[%emt 0:00:05]} 30. Rxc5 {[%emt 0:00:25]} g6 {[%emt 0:00:03]} 31. Kg2 {[%emt 0:00:24]} Rbb1 {[%emt 0:00:02]} 32. Bc4 {[%emt 0:01:12]} Rd2 {[%emt 0:03:01]} 33. Bxe6 {[%emt 0:03:21]} fxe6 {[%emt 0:00:02]} 34. Ra5 {[%emt 0:00:06]} Rbd1 {[%emt 0:07:10]} 35. Raa7 {[%emt 0:00:39]} h5 {[%emt 0:00:21]} 36. Rg7+ {[%emt 0:00:39]} Kf8 {[%emt 0:00:02]} 37. Rh7 {[%emt 0:01:48]} Kg8 {[%emt 0:00:04]} 38. Rhg7+ {[%emt 0:00:03]} Kf8 {[%emt 0:00:09]} 39. Rxg6 {[%emt 0:00:04]} Rd7 {[%emt 0:00:09]} 40. Rxd7 {[%emt 0:01:25]} Rxd7 {[%emt 0:50:03]} 41. Rxe6 {[%emt 0:50:08]} Rc7 {[%emt 0:00:03]} 42. Rh6 {[%emt 0:02:20]} c5 {[%emt 0:00:22]} 43. Rxh5 {[%emt 0:00:05]} c4 {[%emt 0:00:09]} 44. Re5 {[%emt 0:01:51]} Kf7 {[%emt 0:01:38]} 45. Re2 {[%emt 0:01:14]} c3 {[%emt 0:00:36]} 46. Rc2 {[%emt 0:00:14]} Ke6 {[%emt 0:00:02]} 47. f4 {[%emt 0:00:00]} Kd5 {[%emt 0:00:00]} 48. Kf3 {[%emt 0:00:00]} Kd4 {[%emt 0:00:00]} 49. g4 {[%emt 0:00:00]} Kd3 {[%emt 0:00:00]} 50. Rc1 {[%emt 0:00:00]} c2 {[%emt 0:00:00]} 51. g5 {[%emt 0:00:00]} Rc3 {[%emt 0:00:00]} 52. Kg4 {[%emt 0:00:00]} Kd2 {[%emt 0:00:00]} 53. Rxc2+ {[%emt 0:00:00]} Rxc2 {[%emt 0:00:00]} 54. g6 {[%emt 0:00:00]} Ke3 {[%emt 0:00:00]} 55. Kg5 {[%emt 0:00:00]} Ke4 {[%emt 0:00:00]} 56. h4 {[%emt 0:00:00]} Rc5+ {[%emt 0:00:00]} 57. f5 {[%emt 0:00:00]} Rxf5+ {[%emt 0:00:00]} 58. Kh6 {[%emt 0:00:00]} Rf4 {[%emt 0:00:00]} 59. h5 {[%emt 0:00:00]} Kf5 {[%emt 0:00:00]} 60. g7 {[%emt 0:00:02]} Rg4 {[%emt 0:00:00]} 61. Kh7 {[%emt 0:00:21]} Kf6 {[%emt 0:00:00]} 62. g8=Q {[%emt 0:04:27]} Rxg8 {[%emt 0:00:00]} 63. Kxg8 {[%emt 0:00:02]} Kg5 {[%emt 0:00:00]} 64. h6 {[%emt 0:00:17]} Kxh6 1/2-1/2

[Event "BL 2016-17"]
[Site "Jenbach"]
[Date "2017.04.22"]
[Round "11"]
[White "Heimberger, Reinhard"]
[Black "Shengelia, David"]
[Result "0-1"]
[WhiteElo "2285"]
[BlackElo "2572"]
[Annotator "TA"]
[PlyCount "82"]
[EventDate "2017.??.??"]
[EventCountry "AUT"]
[SourceTitle "playchess.com"]
[Source "ChessBase"]
[SourceQuality "1"]
[WhiteTeam "St. Valentin"]
[BlackTeam "Jenbach"]

{[%evp 13,82,-17,-8,-39,-25,-16,-25,-37,-45,-35,0,-11,-18,-18,-12,-23,-25,-32,-19,-18,-15,-21,-16,-22,-20,-37,-35,-39,-46,-54,-37,-39,-39,-28,-28,-25,-25,-54,0,-20,-10,-15,-14,-65,0,0,0,0,21,23,29,-13,13,12,13,0,0,-96,48,-122,127,0,0,0,112,97,83,0,15,-430,-409]} 1. d4 Nf6 2. g3 c5 3. c3 e6 4. Bg2 Nc6 5. Nf3 d5 6. O-O Be7 7. Bf4 {D02: 1 d4 d5 2 Nf3 sidelines, including 2...Nf6 3 g3 and 2...Nf6 3 Bf4} (7. a3 O-O 8. b4 b6 9. Nbd2 Bb7 10. Rb1 Qc7 11. Nb3 Ne4 12. Qc2 c4 13. Nbd2 f5 14. Nxe4 fxe4 15. Ng5 Bc8 16. f3 Qd8 17. h4 h6 {1-0 (36) Pechac,J (2431)-Navara,D (2737) Slovakia 2017}) 7... O-O {LiveBook: 5 Games} 8. Nbd2 h6 9. dxc5 {Black has an edge.} Bxc5 10. Nb3 Bb6 11. Ne5 Nh5 $146 (11... Nxe5 12. Bxe5 {1-0 (30) Kondroska,V (2080)-Chmielevskis,R Vilnius 1995}) 12. Nxc6 bxc6 13. Be5 Ba6 14. Re1 Nf6 {[%cal Bh5f6,Bf6g4,Bg4e5,Be5f3][%mdl 32]} 15. Bd4 Qe7 16. Bxb6 axb6 17. Nd2 Rfd8 18. Qc2 Ng4 19. h3 Ne5 20. Nf3 Nxf3+ 21. Bxf3 Qf6 22. Bg2 e5 23. a4 e4 24. a5 bxa5 25. Rxa5 {[#]} e3 $1 {[%mdl 512]} (25... Bd3 $15 26. Qa4 Rxa5 27. Qxa5 Bc4) 26. f4 {[#]} (26. fxe3 Bd3) 26... Bd3 $1 {[%mdl 512]} 27. Qa4 $1 (27. Qxd3 Rxa5) 27... Bb5 28. Qa3 (28. Qa1 $11 Rxa5 29. Qxa5) 28... Rxa5 ({Black should play} 28... Rab8 $1 $15) 29. Qxa5 $11 g5 30. fxg5 Qxg5 31. Kh2 Rd6 32. Qb4 Rf6 {Threatens to win with ...Rf2.} 33. Bf3 Kh7 34. h4 Qe5 35. Qd4 (35. Rg1 $11) 35... Qe6 (35... Qxd4 $17 36. cxd4 c5) 36. Kg2 $2 {[#]} (36. b4 $14) 36... Ba6 $2 {[#]} (36... c5 $1 $17 {[%cal Rc5d4][%mdl 512]} 37. Qd1 (37. Qxc5 $2 Bxe2 38. Rxe2 Rxf3 $19) (37. Qxd5 $2 Rxf3 38. Qxe6 Rf2+ 39. Kh3 fxe6 $19) 37... Kg7) 37. b4 (37. Rf1 $1 $16 Kg7 38. Bh5) 37... Bc8 $1 {( -> ...Qh3+)} 38. Rh1 $1 Qe7 (38... Rg6 $11 {remains equal.}) 39. h5 $16 Rf5 {[#]} 40. Rh4 ({White should try} 40. Ra1 $1 $16) 40... Rg5 $11 41. Bg4 $2 {[%mdl 8192]} (41. b5 $11 {and White is okay.}) 41... Qd6 0-1

[Event "BL 2016-17"]
[Site "Germany"]
[Date "2017.04.08"]
[Round "11"]
[White "Grimm, Julius"]
[Black "Hoffmeyer, Falk"]
[Result "1/2-1/2"]
[WhiteElo "2281"]
[BlackElo "2353"]
[Annotator "NA"]
[PlyCount "42"]
[EventDate "2017.??.??"]
[EventType "team-tourn"]
[EventCountry "GER"]
[SourceTitle "playchess.com"]
[Source "ChessBase"]
[SourceQuality "1"]
[WhiteTeam "Griesheim"]
[BlackTeam "Zugzwang München"]
[TimeControl "40/6000+30:3000+30"]

1. d4 {[%emt 0:00:00]} d5 {[%emt 0:00:12]} 2. c4 {[%emt 0:00:00]} dxc4 {[%emt 0:00:15]} 3. e3 {[%emt 0:00:57]} e5 {[%emt 0:00:15]} 4. Bxc4 {[%emt 0:00:42]} exd4 {[%emt 0:00:06]} 5. exd4 {[%emt 0:00:15]} Bd6 {[%emt 0:00:08]} 6. Nf3 {[%emt 0:02:02]} Nf6 {[%emt 0:00:10]} 7. O-O {[%emt 0:00:39]} O-O {[%emt 0:00:08]} 8. Nc3 {[%emt 0:05:24]} Nc6 {[%emt 0:01:15]} 9. h3 {[%emt 0:02:02]} h6 {[%emt 0:01:06]} 10. Qc2 {[%emt 0:03:14]} Nb4 {[%emt 0:02:12]} 11. Qb1 {[%emt 0:01:32]} Be6 {[%emt 0:00:39]} 12. Bxe6 {[%emt 0:02:00]} fxe6 {[%emt 0:00:02]} 13. Re1 {[%emt 0:15:57] LiveBook: 15 Games} Qd7 {[%emt 0:01:27]} 14. a3 {[%emt 0:01:03]} Nbd5 {[%emt 0:01:20]} 15. Qd3 {[%emt 0:04:20]} a6 $14 {[%emt 0:03:56]} 16. Bd2 {[%emt 0:23:43]} Rae8 {[%emt 0:04:36]} 17. Ne5 {[%emt 0:08:38]} Bxe5 {[%emt 0:04:17]} 18. Rxe5 {[%emt 0:03:18]} Qf7 {[%emt 0:02:32]} 19. Qe2 {[%emt 0:09:24]} Nd7 {[%emt 0:06:50]} 20. Re4 {[%emt 0:00:08]} N7f6 {[%emt 0:00:42]} 21. Re5 {[%emt 0:01:18]} Nd7 {[%emt 0:00:25]} 1/2-1/2

[Event "BL 2016-17"]
[Site "Germany"]
[Date "2017.04.08"]
[Round "11"]
[White "Unzicker, Ferdinand"]
[Black "Boguslawski, Oleg"]
[Result "1/2-1/2"]
[WhiteElo "2280"]
[BlackElo "2424"]
[Annotator "NA"]
[PlyCount "58"]
[EventDate "2017.??.??"]
[EventType "team-tourn"]
[EventCountry "GER"]
[SourceTitle "playchess.com"]
[Source "ChessBase"]
[SourceQuality "1"]
[WhiteTeam "Bayern München"]
[BlackTeam "Hockenheim"]
[TimeControl "40/6000+30:3000+30"]

1. d4 {[%emt 0:00:00]} Nf6 {[%emt 0:00:08]} 2. c4 {[%emt 0:00:00]} e6 {[%emt 0:00:06]} 3. Nc3 {[%emt 0:00:00]} Bb4 {[%emt 0:00:50]} 4. e3 {[%emt 0:00:00]} b6 {[%emt 0:00:49]} 5. Nge2 {[%emt 0:00:18]} Bb7 {[%emt 0:03:26]} 6. a3 {[%emt 0:00:18]} Bxc3+ {[%emt 0:02:10]} 7. Nxc3 {[%emt 0:00:03]} O-O {[%emt 0:00:20]} 8. b4 {[%emt 0:02:44]} d6 {[%emt 0:06:50]} 9. f3 {[%emt 0:12:41]} Nbd7 {[%emt 0:05:57]} 10. Be2 {[%emt 0:06:29]} Qe7 {[%emt 0:09:17]} 11. O-O {[%emt 0:02:21]} c5 {[%emt 0:05:18]} 12. Rb1 {[%emt 0:29:00]} Rfd8 {[%emt 0:10:37]} 13. Qd2 {[%emt 0:09:33]} Rac8 {[%emt 0:03:04]} 14. Rd1 {[%emt 0:08:44]} cxd4 {[%emt 0:17:01]} 15. Qxd4 {[%emt 0:01:44]} d5 {[%emt 0:01:51]} 16. cxd5 {[%emt 0:00:35] ex} exd5 {[%emt 0:02:14]} 17. Bb2 $14 {[%emt 0:09:45]} Re8 {[%emt 0:01:36]} 18. Bb5 {[%emt 0:03:01]} Qxe3+ {[%emt 0:09:01]} 19. Qxe3 {[%emt 0:00:11]} Rxe3 {[%emt 0:00:02]} 20. Bxd7 {[%emt 0:00:36]} Nxd7 {[%emt 0:01:03]} 21. Nxd5 {[%emt 0:00:10]} Bxd5 {[%emt 0:00:58]} 22. Rxd5 {[%emt 0:00:06]} Nf8 {[%emt 0:01:54]} 23. Rd2 {[%emt 0:10:49]} Ne6 {[%emt 0:02:12]} 24. Kf2 {[%emt 0:00:52]} Rb3 {[%emt 0:00:45]} 25. Re1 {[%emt 0:01:06]} a5 {[%emt 0:01:57]} 26. bxa5 {[%emt 0:01:55]} bxa5 {[%emt 0:00:02]} 27. Re3 {[%emt 0:02:03]} Rb5 {[%emt 0:06:15]} 28. Re5 {[%emt 0:01:55]} Rxe5 {[%emt 0:02:19]} 29. Bxe5 {[%emt 0:00:19]} f6 {[%emt 0:00:20]} 1/2-1/2

[Event "BL 2016-17"]
[Site "Jenbach"]
[Date "2017.04.22"]
[Round "11"]
[White "Blohberger, Felix"]
[Black "Koffler, Daniel"]
[Result "1-0"]
[WhiteElo "2265"]
[BlackElo "2126"]
[Annotator "NA"]
[PlyCount "45"]
[EventDate "2017.??.??"]
[EventCountry "AUT"]
[SourceTitle "playchess.com"]
[Source "ChessBase"]
[SourceQuality "1"]
[WhiteTeam "Wien-SK Ottakring"]
[BlackTeam "Nickelsdorf"]
[TimeControl "40/5400+30:1800+30"]

1. c4 {[%emt 0:00:00]} e6 2. Nc3 {[%emt 0:01:13]} d5 {[%emt 0:00:19]} 3. e3 {[%emt 0:02:28]} Nf6 {[%emt 0:03:25]} 4. Nf3 {[%emt 0:00:34]} Be7 {[%emt 0:00:15]} 5. b3 {[%emt 0:02:47]} O-O {[%emt 0:00:16]} 6. Bb2 {[%emt 0:00:07]} b6 {[%emt 0:01:02]} 7. d4 {[%emt 0:00:45]} Bb7 {[%emt 0:01:08]} 8. cxd5 {[%emt 0:03:14]} exd5 {[%emt 0:00:33]} 9. Bd3 {[%emt 0:00:05]} Nbd7 {[%emt 0:01:17]} 10. O-O {[%emt 0:00:09]} Re8 {[%emt 0:02:22]} 11. Ne5 {[%emt 0:17:22] LiveBook: 8 Games} Nxe5 {[%emt 0:09:00]} 12. dxe5 {[%emt 0:00:06]} Nd7 {[%emt 0:00:10]} 13. Qc2 {[%emt 0:07:31]} ({Stronger than} 13. Qh5 g6 14. Qd1 (14. Qh6 Nxe5 15. Be2 f5 $17) 14... Nxe5 $17) 13... g6 {[%emt 0:11:26]} 14. e6 {[%emt 0:05:58]} Nc5 {[%emt 0:00:48]} 15. exf7+ {[%emt 0:00:16]} Kxf7 {[%emt 0:00:02]} 16. Be2 $16 {[%emt 0:08:58]} Bf6 {[%emt 0:02:42]} 17. Rad1 {[%emt 0:02:22]} c6 {[%emt 0:00:34]} 18. b4 {[%emt 0:09:02]} Ne6 {[%emt 0:06:04]} 19. f4 {[%emt 0:04:58]} Kg8 {[%emt 0:09:48]} 20. f5 {[%emt 0:02:54]} Nf8 {[%emt 0:00:11]} 21. fxg6 {[%emt 0:00:37]} hxg6 {[%emt 0:00:18]} 22. Rxf6 {[%emt 0:01:25]} Qxf6 {[%emt 0:00:03]} 23. Nxd5 {[%emt 0:00:08]} 1-0